000 00612nam a2200193Ii 4500
003 JO-AjNU
008 230605s9999||||xx |||||||||||||| ||und||
040 _aJO-AjNU
_bara
_erda
_cJO-AjNU
041 _aara
050 1 4 _aLB1025.F3477 2001
100 3 _aخضر،فخري رشيد,
_eauthor
_922220
245 0 0 _aتطور الفكر التربوي
264 3 1 _aالعين: دار الكتاب الجامعي ،2001
300 _a252ص
336 _atext
_btxt
_2rdacontent
337 _aunmediated
_bn
_2rdamedia
338 _avolume
_bnc
_2rdacarrier
650 4 _aتربية-فلسفة و نظريات
_922221
999 _aA7851
_c11419
_d11419